Bağımsız seçim izleme platformu 12 haziran 2011 XXIV. dönem milletvekili genel seçimi gözlem raporu (Record no. 7715)

MARC details
000 -BAŞLIK
Sabit Uzunlukta Kontrol Alanı 00822na a2200253 4500
001 - KONTROL NUMARASI
Denetim Alanı 15099
003 - KONTROL NUMARASI IDENTIFIER
Denetim Alanı MIRAKIL
005 - SON İŞLEM TARİHİ VE ZAMANI
Denetim Alanı 20181213155147.0
008 - SABİT-BOY VERİ ELEMANLARI - GENEL BİLGİLER
Sabit Uzunlukta Kontrol Alanı 160903b tu 000 0
020 ## - ULUSLARARASI STANDART KİTAP NUMARASI
Uluslararası Standart Kitap Numarası 9786058731400
035 ## - SİSTEM KONTROL NUMARASI
Sistem Kontrol Numarası 15099
040 ## - KATALOGLAMA KAYNAK
Orijinal Kataloglama Ajansı Milas
Kataloglama Dili tur
Metne Dönüştürmek Ajansı TR-AnCHP
082 ## - DEWEY ONLU SINIFLANDIRMA NUMARASI
Sınıflandırma Numarası 324.9
Ürün Numarası B23 2011
090 ## - SINIFLAMA NUMARASI
Sınıflama Numarası 324.9 B23 2011
245 ## - BAŞLIK TABLOSU
Başlık Bağımsız seçim izleme platformu 12 haziran 2011 XXIV. dönem milletvekili genel seçimi gözlem raporu
Sorumluluk Tablosu, Vb hazırlayan Nejat Taştan
260 ## - YAYIN, DAĞITIM, VB
Yayın, Dağıtım, Vb Yeri Ankara
Yayıncı, Dağıtıcı, Vs Adı ESHİD Yayınları
Yayın, Dağıtım, Vb Tarihi 2011
300 ## - FİZİKSEL TANIM
Kapsam 127 s.
Diğer Fiziksel Ayrıntıları tbl. , fotğ.
Boyutlar 30 sm.
490 ## - SERİSİ TABLOSU
Seri Beyanı ESHİD yayınları
Hacim / Ardışık Tanımı 1
650 ## - KONU KATMA GİRİŞ - TOPİKAL DÖNEM
Topikal Süreli Veya Coğrafi Ad Giriş Elemanı Seçimler
Kronolojik Alt Bölümü Raporlar
Coğrafi Alt Bölümü Türkiye
650 ## - KONU KATMA GİRİŞ - TOPİKAL DÖNEM
Topikal Süreli Veya Coğrafi Ad Giriş Elemanı Siyasal partiler
Genel Alt Bölümü 2011-2015
Coğrafi Alt Bölümü Türkiye
651 ## - KONU KATMA GİRİŞ - COĞRAFİ ADI
Coğrafi İsim Türkiye
Genel Alt Bölümü Genel seçimler, 2011
Kronolojik Alt Bölümü Raporlar
700 ## - KATMA GİRİŞ - KİŞİSEL İSİM
Kişisel Ad Taştan, Nejat
942 ## - EKLENDİ GİRİŞ ELEMANLARI (KOHA)
Sınıflandırma Veya Raf Düzeni Kaynak Dewey Decimal Classification
Koha Öğesi Türü Books
999 ## - SİSTEM KONTROL NUMARALARI (KOHA)
Koha Biblionumber 7715
Koha Biblioitemnumber 7715
Holdings
Kalıcı Konum Mevcut Konum Edinme Tarihi Edinim Kaynak Toplam Check-Out'Lar Tam Çağrı Numarası Barkod Tarih Son Görülme İtibaren Geçerli Fiyatlar Koha Öğesi Türü
CHP Kütüphanesi CHP Kütüphanesi 09/03/2016 Bağış   324.9 B23 2011 003769 09/03/2016 09/03/2016 Books